Catálogo
 En Linea

Recueil général des lois et actes. (Registro nro. 25546)

Detalles MARC
000 -CABECERA
campo de control de longitud fija 00300nam a2200121 a 4500
001 - NÚMERO DE CONTROL
campo de control 000026054
005 - FECHA Y HORA DE LA ÚLTIMA TRANSACCIÓN
campo de control 20200930024250.0
008 - DATOS DE LONGITUD FIJA--INFORMACIÓN GENERAL
campo de control de longitud fija 090928s1866 000 0 spa d
040 ## - FUENTE DE LA CATALOGACIÓN
Centro catalogador/agencia de origen DO-SdBNP
Lengua de catalogación spa
Centro/agencia transcriptor BNPHU
049 ## - FONDOS LOCALES (OCLC)
Fondos de biblioteca BNPD
245 #0 - MENCIÓN DE TÍTULO
Título Recueil général des lois et actes.
260 ## - PUBLICACIÓN, DISTRIBUCIÓN, ETC.
Lugar de publicación, distribución, etc. Paris,
Fecha de publicación, distribución, etc. 1866.
Existencias
Estado de retiro Estado de pérdida Restricciones de uso No para préstamo Código de colección Localización permanente Ubicación/localización actual Ubicación en estantería Fecha de adquisición Número de inventario Total de préstamos Signatura topográfica completa Código de barras Fecha visto por última vez Precio válido a partir de Tipo de ítem Koha
        Monografías: Libros y Folletos General General Orden iniciada 28.02.2011 LF1   26054-10 25.06.2020 25.06.2020 No se presta

Con tecnología Koha